| 000 | 01183nam a2200229 u 4500 | ||
|---|---|---|---|
| 001 | 000729236 | ||
| 003 | AM-YeHGA | ||
| 005 | 20250618073744.0 | ||
| 008 | 100419s1985 |||| |||||||||||||rus d | ||
| 040 | _aAM-YeHGA | ||
| 041 | 1 |
_arus _heng |
|
| 100 | 1 |
_aՄոեմ, Սոմերսեթ, _d1874-1965 _98655 |
|
| 245 | 1 | 0 |
_aИзбранные произведения : _bВ 2-х т. : Пер. с англ. / _cСомерсет Моэм; Сост. и предисл. В. Скороденко; Ред. Н. Кристальная. |
| 260 |
_aМосква : _bРадуга, _c1985. |
||
| 300 |
_aт. ; _c22 см. |
||
| 440 | 0 | _aБиблиотечная серия | |
| 505 | 0 | 0 |
_gТ. 1 (1985, 560 с.) : _tЛуна и грош : Роман ; Узорный покров : Роман ; Подводя итоги _gТ. 2 (1985, 736 с.) : _tОстрие бритвы : Роман ; Рассказы |
| 650 | 1 | 4 |
_aАнглийская литература _xИзбранные произведения |
| 700 | 1 |
_aСкороденко, Владимир Андреевич _eсост. _4com _eавт. предисл. _4aui |
|
| 700 | 1 |
_aКристальная, Н. _eред. _4edt |
|
| 090 | _c271259 | ||
| 999 |
_c269622 _d269622 |
||